Japanese schooling : Patterns of socialization, equality, and political control
This collection of papers provides information on various facets of Japanese education
Đã lưu trong:
| 格式: | 图书 |
|---|---|
| 语言: | Undetermined |
| 出版: |
University Park
Pennsylvania State University Press
1989
|
| 主题: | |
| 标签: |
添加标签
没有标签, 成为第一个标记此记录!
|
| Thư viện lưu trữ: | Trung tâm Học liệu Trường Đại học Cần Thơ |
|---|
| LEADER | 00776nam a2200217Ia 4500 | ||
|---|---|---|---|
| 001 | CTU_114772 | ||
| 008 | 210402s9999 xx 000 0 und d | ||
| 082 | |a 370.190952 | ||
| 082 | |b J35 | ||
| 245 | 0 | |a Japanese schooling : | |
| 245 | 0 | |b Patterns of socialization, equality, and political control | |
| 245 | 0 | |c edited by James J. Shields, Jr | |
| 260 | |a University Park | ||
| 260 | |b Pennsylvania State University Press | ||
| 260 | |c 1989 | ||
| 520 | |a This collection of papers provides information on various facets of Japanese education | ||
| 650 | |a School environment,Education,Socialization,Education | ||
| 650 | |x Social aspects,aims and objectives | ||
| 650 | |z Japan,Japan,Japan | ||
| 904 | |i M.Loan | ||
| 980 | |a Trung tâm Học liệu Trường Đại học Cần Thơ | ||